-
Ghosh Biswanath Shekhar Kc. Shekhar Lekshony Srivastava Sc
Entry Personal Name
Number of records used in: 8
001 - CONTROL NUMBER
003 - CONTROL NUMBER IDENTIFIER
005 - DATE AND TIME OF LATEST TRANSACTION
- control field:
20160518094947.0
008 - FIXED-LENGTH DATA ELEMENTS
- fixed length control field:
160518|| aca||aabn | a|a d
040 ## - CATALOGING SOURCE
- Original cataloging agency:
OSt
- Transcribing agency:
OSt
100 ## - HEADING--PERSONAL NAME
- Personal name:
Ghosh Biswanath Shekhar Kc. Shekhar Lekshony Srivastava Sc
670 ## - SOURCE DATA FOUND
- Source citation:
Work cat.: (OSt): Ghosh Biswanath Shekhar Kc. Shekhar Lekshony Srivastava Sc, Indian Business Environment, 2009